Towards the Implementation of Desirable Rules of Monetary Coordination and Intervention
Uložené v:
| Hlavný autor: | |
|---|---|
| Ďalší autori: | |
| Médium: | Kniha |
| Jazyk: | English |
| Vydavateľské údaje: |
New Haven
Yale University
1988
|
| Vydanie: | 1. ed. |
| Edícia: | Center Paper
No.411 |
| Tagy: |
Žiadne tagy, Buďte prvý, kto otaguje tento záznam!
|
MARC
| LEADER | 00000nam a2200000 4500 | ||
|---|---|---|---|
| 001 | c026826 | ||
| 005 | 20221219120736.8 | ||
| 041 | 0 | |a eng | |
| 044 | |a US | ||
| 245 | 1 | 0 | |a Towards the Implementation of Desirable Rules of Monetary Coordination and Intervention |c Shin-ichi Fukuda, Koichi Hamada |
| 250 | |a 1. ed. | ||
| 264 | 1 | |a New Haven |b Yale University |c 1988 | |
| 300 | |a S.313-338 | ||
| 490 | 1 | |a Center Paper |v No.411 | |
| 830 | 0 | |a Center Paper |v No.411 | |
| 100 | 1 | |a Fukuda, Shin-ichi | |
| 700 | 1 | |a Hamada, Koichi | |